000 00466cam a2200145 4500500
005 20251012010500.0
041 _afre
042 _adc
100 1 0 _aPrévost, Anne-Vanessa
_eauthor
245 0 0 _aDavid Hume. Empiriste radical
260 _c2007.
500 _a38
786 0 _nPhilosophie magazine | 14 | 11 | 2007-11-01 | p. 27-28 | 1951-1787
856 4 1 _uhttps://shs.cairn.info/magazine-philosophie-magazine-2007-11-page-27?lang=fr&redirect-ssocas=7080
999 _c1519385
_d1519385